Lo femenino y lo sagrado / (Record no. 16672)

MARC details
000 -LEADER
campo de control de longitud fija 00807nam a2200253 i 4500
001 - NÚMERO DE CONTROL
campo de control 16672
003 - IDENTIFICADOR DE NÚMERO DE CONTROL
campo de control ES-MaACL
005 - FECHA Y HORA DE LA ÚLTIMA TRANSACCIÓN
campo de control 20260522123345.0
007 - CAMPO FIJO DE DESCRIPCIÓN FÍSICA--INFORMACIÓN GENERAL
campo de control de longitud fija t|
008 - DATOS DE LONGITUD FIJA--INFORMACIÓN GENERAL
campo de control de longitud fija 001023s2000 sp ||||1| spa d
020 ## - NÚMERO INTERNACIONAL ESTÁNDAR DEL LIBRO
Número Internacional Estándar del Libro 84-376-1818-5
080 ## - NÚMERO DE LA CLASIFICACIÓN DECIMAL UNIVERSAL
Número de la Clasificación Decimal Universal 396.9:2
100 0# - ENTRADA PRINCIPAL--NOMBRE DE PERSONA
Nombre de persona Clément, Catherine,
Fechas asociadas al nombre 1939-
9 (RLIN) 39176
245 10 - MENCIÓN DEL TÍTULO
Título Lo femenino y lo sagrado /
Mención de responsabilidad, etc. Catherine Clément y Julia Kristeva ; traducción de Maribel García Sánchez.
260 ## - PUBLICACIÓN, DISTRIBUCIÓN, ETC.
Lugar de publicación, distribución, etc. Madrid :
Nombre del editor, distribuidor, etc. Cátedra,
Fecha de publicación, distribución, etc. [2000]
300 ## - DESCRIPCIÓN FÍSICA
Extensión 232 p. ;
Dimensiones 21 cm.
490 1# - MENCIÓN DE SERIE
Mención de serie Feminismos ;
Designación de volumen o secuencia 58
650 17 - PUNTO DE ACCESO ADICIONAL DE MATERIA--TÉRMINO DE MATERIA
Término de materia o nombre geográfico como elemento de entrada Mujeres y religión
Fuente del encabezamiento o término embne
9 (RLIN) 15350
700 1# - ENTRADA AGREGADA--NOMBRE PERSONAL
Nombre de persona Kristeva, Julia.
9 (RLIN) 68861
700 1# - ENTRADA AGREGADA--NOMBRE PERSONAL
Nombre de persona García Sánchez, Maribel.
9 (RLIN) 55265
830 00 - PUNTO DE ACCESO ADICIONAL DE SERIE-TÍTULO UNIFORME
Título uniforme Feminismos
Designación de volumen o secuencia 58
9 (RLIN) 179833
852 ## - LOCALIZACIÓN
Ubicación ES-MaACL
Número de control de estantería L-23679
Sublocalización o colección R.128990
Holdings
Estatus retirado Estado de pérdida Estado de daño No para préstamo Biblioteca de origen Biblioteca actual Ubicación en estantería Fecha de adquisición Fuente de adquisición Total de préstamos Signatura topográfica completa Código de barras Visto por última vez Precio de reemplazo Tipo de ítem Koha
        Biblioteca del Ateneo de Madrid Biblioteca del Ateneo de Madrid Depósito 2 17/01/2008     L-23679 1016934 23/02/2023 23/02/2023 Libro impreso